L'Estat del benestar a Catalunya / coordinador: Vicenç Navarro Vicenç Navarro
ISBN:
84-7794-963-8
Descripción Física:
283 p. : gràfics, quadres ; 24 cm
Colección:
Societat i territori: perspectives ; 1
Otros Autores:
Navarro, Vicenç, coord
Materias:
Estat del benestar -- Catalunya
MARC
| LEADER | 00000nam a2200000Ia 4500 | ||
|---|---|---|---|
| 001 | 15835 | ||
| 008 | 160829s2003 xx 000 0 cat d | ||
| 020 | |a 84-7794-963-8 | ||
| 080 | |a M-4-340 | ||
| 245 | |a L'Estat del benestar a Catalunya / coordinador: |b Vicenç Navarro | ||
| 260 | |a [Barcelona] : |b Diputació de Barcelona, |c 2003 | ||
| 300 | |a 283 p. : |b gràfics, quadres ; |c 24 cm | ||
| 490 | |a Societat i territori: perspectives ; 1 | ||
| 590 | |a Referències bibliogràfiques a cada capítol | ||
| 650 | |a Estat del benestar |x Catalunya |9 39601 | ||
| 700 | |a Navarro, Vicenç, coord. |9 39602 | ||
| 901 | |a Arxiu | ||
| 942 | |n 1 | ||
| 952 | |0 0 |1 0 |4 0 |6 M4340 |7 1 |9 49111 |a Arxiu |b Arxiu |d 2016-12-01 |l 0 |o M-4-340 |p 15835 |r 2016-12-01 00:00:00 |w 2016-12-01 |y ARXIU | ||
| 999 | |c 52948 |d 52948 | ||